| 000 | 00532nam a22001817a 4500 | ||
|---|---|---|---|
| 003 | AR-FvUNAJ | ||
| 005 | 20250307161649.0 | ||
| 008 | 250307b ||||| |||| 00| 0 spa d | ||
| 040 | _cAR-FvUNAJ | ||
| 082 |
_214 _a320.5 |
||
| 100 | 1 |
_921372 _aCastagno, Antonio |
|
| 245 | 1 | 0 |
_aTendencias y grupos políticos en la realidad argentina / _cAntonio Castagno |
| 260 |
_aBuenos Aires : _bEUDEBA, _c1971 |
||
| 300 | _a52 p. | ||
| 650 | 2 | 7 |
_2unescot _94066 _aMOVIMIENTO POLÍTICO |
| 651 | 2 | 7 |
_9326 _aARGENTINA _2unescot |
| 942 |
_2ddc _cLIBRO |
||
| 999 |
_c10821 _d10821 |
||
| 980 |
_619226 _a Palazón Marcela I. _819226 _g Palazón Marcela I. |
||